OECD Development Co-operation Peer Reviews: Switzerland 2019

Guardado en:
Detalles Bibliográficos
Formato: Libro
Lenguaje:inglés
Publicado: Paris OECD 2019
Colección:OECD Development Co-operation Peer Reviews
Materias:
Etiquetas: Agregar Etiqueta
Sin Etiquetas, Sea el primero en etiquetar este registro!

MARC

LEADER 00000nam a2200000 4500
001 0254541
005 20221220064856.7
020 |a 978-92-64-31233-3 
041 0 |a eng 
044 |a FR 
245 1 0 |a OECD Development Co-operation Peer Reviews: Switzerland 2019 
264 1 |a Paris  |b OECD  |c 2019 
300 |a 117 s. 
490 1 |a OECD Development Co-operation Peer Reviews 
830 0 |a OECD Development Co-operation Peer Reviews 
610 2 0 |a pomoc rozvojová 
610 2 0 |a politika rozvojová 
610 2 0 |a rozvoj trvalo udržateľný 
610 2 0 |a financovanie 
610 2 0 |a systém 
610 2 0 |a podmienky dodacie 
610 2 0 |a partnerstvo strategické 
610 2 0 |a vzdelávanie 
610 2 0 |a pomoc humanitárna 
610 2 0 |a porovnanie štatistické medzinárodné 
610 2 0 |a Ukrajina 
610 2 0 |a Švajčiarsko